[Event "Hastings Masters 2018-19"]
[Site "Hastings ENG"]
[Date "2018.12.28"]
[Round "1.3"]
[White "Sulskis, Sarunas"]
[Black "Pitschka, Claus"]
[Result "1-0"]
[WhiteTitle "GM"]
[BlackTitle "FM"]
[WhiteElo "2529"]
[BlackElo "2228"]
[WhiteFideId "12800112"]
[BlackFideId "4617762"]
[EventDate "2018.12.28"]

1. e4 Nf6 2. e5 Nd5 3. d4 d6 4. c4 Nb6 5. f4 dxe5 6. fxe5 Nc6 7. Be3 Bf5 8. Nc3
e6 9. Nf3 Qd7 10. c5 Nd5 11. Nxd5 Qxd5 12. Bb5 a6 13. Qa4 Be4 14. O-O Be7 15.
Nd2 Bg6 16. Bxc6+ Qxc6 17. Qxc6+ bxc6 18. Rf2 Kd7 19. Nc4 Rhb8 20. b3 a5 21. Bd2
a4 22. b4 f6 23. a3 Bd3 24. Nb2 Bb5 25. exf6 Bxf6 26. Bc3 Rd8 27. Re1 Ke7 28.
Rf4 Rd7 29. Rfe4 Kf7 30. Rxe6 Rad8 31. Nd1 Bc4 32. R6e3 Rxd4 33. Nf2 R4d7 34.
Bxf6 gxf6 35. h3 Rd2 36. Re7+ Kg6 37. R1e3 R8d7 38. Rg3+ Kf5 39. Rf3+ Kg6 40.
Rg3+ Kf5 41. Ree3 Re2 42. Ng4 Rdd2 43. Ref3+ Ke6 44. Rxf6+ Kd7 45. Ne3 Bb3 46.
Nf5 Bd5 47. Ne3 Bb3 48. Rg7+ Kc8 49. Rf8+ Kb7 50. Nf5 Ka6 51. Ra8+ Kb5 52. Rg4
Bd5 53. Ra5# 1-0

[Event "Hastings Masters 2018-19"]
[Site "Hastings ENG"]
[Date "2018.12.28"]
[Round "1.7"]
[White "Leenhouts, Koen"]
[Black "Villiers, Thomas"]
[Result "1/2-1/2"]
[WhiteTitle "IM"]
[BlackTitle "CM"]
[WhiteElo "2460"]
[BlackElo "2226"]
[WhiteFideId "1008439"]
[BlackFideId "427209"]
[EventDate "2018.12.28"]

1. d4 e6 2. c4 b6 3. a3 Nf6 4. Nc3 Bb7 5. Nf3 Be7 6. Bf4 d6 7. h3 O-O 8. Qc2 c5
9. dxc5 bxc5 10. e3 Qa5 11. Be2 Rd8 12. O-O Nbd7 13. Rfd1 d5 14. b4 Qb6 15. cxd5
Nxd5 16. Nxd5 Bxd5 17. b5 Nf6 18. Nd2 Rac8 19. e4 Ba8 20. Nc4 Qb7 21. f3 Rxd1+
22. Rxd1 Rd8 23. a4 Rxd1+ 24. Qxd1 Qd7 25. Qxd7 Nxd7 26. Bc7 f6 27. a5 Kf7 28.
Kf2 Ke8 29. Ke3 f5 30. Nd6+ Bxd6 31. Bxd6 g6 32. Bc4 Kf7 33. Bb3 Kf6 34. Ba4 Ne5
35. Bxc5 Nc4+ 36. Kd4 Nxa5 37. Bxa7 fxe4 38. fxe4 e5+ 39. Kd3 Nb7 40. Bb6 Nd6
41. g3 Bxe4+ 42. Ke2 Bd5 1/2-1/2

[Event "Hastings Masters 2018-19"]
[Site "Hastings ENG"]
[Date "2018.12.28"]
[Round "1.9"]
[White "Kjartansson, Gudmundur"]
[Black "Payne, Matthew J"]
[Result "1-0"]
[WhiteTitle "IM"]
[WhiteElo "2424"]
[BlackElo "2182"]
[WhiteFideId "2301318"]
[BlackFideId "417084"]
[EventDate "2018.12.28"]

1. e4 e6 2. d4 d5 3. Nd2 Nc6 4. Ngf3 Nf6 5. e5 Nd7 6. Be2 f6 7. exf6 Qxf6 8. Nf1
Bd6 9. Ne3 O-O 10. O-O Qg6 11. c4 Nf6 12. c5 Be7 13. Bb5 Bd7 14. b4 a5 15. Bd3
Qe8 16. b5 Nxd4 17. Nxd4 Bxc5 18. Bb2 e5 19. Nb3 Bb6 20. a4 e4 21. Be2 Qg6 22.
Bd4 Bxd4 23. Qxd4 b6 24. Rac1 Rac8 25. Nxd5 Nxd5 26. Bc4 Kh8 27. Bxd5 Bf5 28.
Rc6 Rf6 29. Rxf6 gxf6 30. Nd2 Re8 31. Re1 1-0

[Event "Hastings Masters 2018-19"]
[Site "Hastings ENG"]
[Date "2018.12.28"]
[Round "1.31"]
[White "Metcalfe, Charlie P"]
[Black "Byrn, Carsten"]
[Result "0-1"]
[WhiteElo "1743"]
[BlackElo "1961"]
[WhiteFideId "443883"]
[BlackFideId "1406345"]
[EventDate "2018.12.28"]

1. d4 Nf6 2. Nf3 c5 3. d5 g6 4. c4 Bg7 5. Nc3 O-O 6. Bf4 d6 7. h3 Na6 8. e4 Nc7
9. Be2 a6 10. a4 Rb8 11. a5 b5 12. axb6 Rxb6 13. Qd2 Re8 14. O-O e6 15. Na4 Rb4
16. e5 Ne4 17. Qe3 exd5 18. exd6 Ne6 19. Bd3 Nxf4 20. Qxf4 Qxd6 21. Qxd6 Nxd6
22. Nxc5 dxc4 23. Nxa6 Rxb2 24. Nc7 Rd8 25. Bxc4 Nxc4 26. Rad1 Rxd1 27. Rxd1 Bf5
28. Rd8+ Bf8 29. Nd5 Kg7 30. g4 Be4 31. Ng5 Rb1+ 32. Kh2 Bd6+ 33. f4 Bxd5 34.
Kg3 h6 35. Nxf7 Kxf7 36. Kh4 Be7+ 0-1

[Event "Hastings Masters 2018-19"]
[Site "Hastings ENG"]
[Date "2018.12.28"]
[Round "1.32"]
[White "Larsen, Andreas"]
[Black "Gu, In Jung"]
[Result "1-0"]
[WhiteElo "1933"]
[BlackElo "1798"]
[WhiteFideId "1504843"]
[BlackFideId "13200232"]
[EventDate "2018.12.28"]

1. e4 c5 2. a3 g6 3. h4 Bg7 4. h5 Nc6 5. Nc3 e6 6. d3 d5 7. Be2 d4 8. Nb1 e5 9.
Nf3 f5 10. exf5 gxf5 11. Nh4 Bf6 12. g3 Be6 13. h6 Qe7 14. Bh5+ Kd7 15. Qf3 f4
16. Bg4 Nxh6 17. Qd5+ Qd6 18. Bxe6+ Kc7 19. Qxd6+ Kxd6 20. Ba2 Bxh4 21. Rxh4 Nf5
22. Rh5 Rhf8 23. gxf4 Rae8 24. Nd2 exf4+ 25. Ne4+ Kc7 26. Rxh7+ Kb6 27. Bxf4 c4
28. Bc7+ Ka6 29. Bxc4+ b5 30. Bd5 Rf6 31. O-O-O Rxe4 32. dxe4 Nb4 33. axb4 d3
34. Bd8 Nd6 35. Rxd3 1-0

[Event "Hastings Masters 2018-19"]
[Site "Hastings ENG"]
[Date "2018.12.28"]
[Round "1.33"]
[White "Butt, Laurence"]
[Black "Fryer, David W"]
[Result "0-1"]
[WhiteElo "1635"]
[BlackElo "1932"]
[WhiteFideId "440884"]
[BlackFideId "406384"]
[EventDate "2018.12.28"]

1. d4 c6 2. e3 Nf6 3. f4 g6 4. Be2 Bg7 5. Nf3 d6 6. c4 O-O 7. Nc3 Re8 8. O-O a6
9. e4 Bg4 10. e5 Nfd7 11. Ng5 Bxe2 12. Qxe2 Nf8 13. Be3 d5 14. c5 e6 15. g4 f6
16. Nf3 Nbd7 17. g5 f5 18. b4 b6 19. a4 Qc7 20. Bd2 Kf7 21. h4 Ke7 22. h5 gxh5
23. Nh4 Ng6 24. Qxh5 Rh8 25. a5 b5 26. Rae1 Ndf8 27. Nxg6+ Nxg6 28. Kf2 Rag8 29.
Rh1 h6 30. Qf3 hxg5 31. Rxh8 Rxh8 32. fxg5 Rh2+ 33. Ke3 Nxe5 34. dxe5 Qxe5+ 35.
Ne4 Qd4+ 0-1

[Event "Hastings Masters 2018-19"]
[Site "Hastings ENG"]
[Date "2018.12.28"]
[Round "1.34"]
[White "Fowler, David"]
[Black "Stoyanov, Boris"]
[Result "1-0"]
[WhiteElo "1929"]
[BlackElo "1583"]
[WhiteFideId "2461595"]
[BlackFideId "456462"]
[EventDate "2018.12.28"]

1. d4 d5 2. Nc3 Nf6 3. Bg5 c6 4. Bxf6 exf6 5. e4 Bb4 6. Bd3 Be6 7. Ne2 O-O 8.
O-O Re8 9. exd5 Bxd5 10. Nxd5 Qxd5 11. c3 Bd6 12. Qc2 h6 13. Rfe1 Nd7 14. b3 Qg5
15. Ng3 Bxg3 16. hxg3 Nb6 17. Re2 Nd5 18. Rae1 Rxe2 19. Qxe2 g6 20. c4 Nc7 21.
Rd1 Re8 22. Qd2 Ne6 23. Qc3 Qg4 24. Re1 Rd8 25. d5 cxd5 26. Qxf6 Rd7 27. cxd5
Rxd5 28. Bxg6 fxg6 29. Qxe6+ Qxe6 30. Rxe6 Kf7 31. Re2 b5 32. Rc2 a5 33. g4 b4
34. f3 h5 35. gxh5 Rxh5 36. Kf2 Rf5 37. g4 Rd5 38. Ke3 g5 39. Ke4 Rb5 40. Rc6
Ke7 41. Kd4 Kd7 42. Rc5 Rb6 43. Rxg5 Ra6 44. Rg7+ Ke8 45. f4 Kf8 46. Rb7 Kg8 47.
Ke5 Kf8 48. f5 Kg8 49. f6 Kf8 50. Kf5 Kg8 51. Kg6 Kf8 52. Rb8# 1-0

[Event "Hastings Masters 2018-19"]
[Site "Hastings ENG"]
[Date "2018.12.28"]
[Round "1.35"]
[White "Kearsley, Raymond J"]
[Black "Rogacewicz, Mikolaj"]
[Result "1-0"]
[WhiteElo "1537"]
[BlackElo "1961"]
[WhiteFideId "470562"]
[BlackFideId "21842981"]
[EventDate "2018.12.28"]

1. e4 e6 2. d4 d5 3. Nc3 Bb4 4. e5 c5 5. Bd2 Nh6 6. Bxh6 gxh6 7. a3 Bxc3+ 8.
bxc3 Qa5 9. Qd2 Nc6 10. Nf3 Bd7 11. Be2 O-O-O 12. dxc5 Rhg8 13. O-O Qxc5 14. Bd3
Rg7 15. Rfe1 d4 16. cxd4 Nxd4 17. Nxd4 Qxd4 18. Qe3 Bc6 19. f3 Bxf3 20. Bf1 Qd5
21. g3 h5 22. Kf2 Bg4 23. Bd3 Kb8 24. Rab1 h4 25. Rb5 Qd4 26. Rb4 hxg3+ 27. hxg3
Qxe3+ 28. Rxe3 h5 29. a4 Rg5 30. Rf4 Rd5 31. Rxf7 Rgxe5 32. Be4 Rd2+ 33. Ke1 Rd4
34. Rf8+ Kc7 35. Rc3+ Kd6 36. Rd8+ 1-0

[Event "Hastings Masters 2018-19"]
[Site "Hastings ENG"]
[Date "2018.12.28"]
[Round "1.36"]
[White "Spanton, Tim R"]
[Black "Witt, Holger"]
[Result "1-0"]
[WhiteElo "1943"]
[BlackElo "1567"]
[WhiteFideId "404802"]
[BlackFideId "24678139"]
[EventDate "2018.12.28"]

1. d4 e6 2. e4 d5 3. Nc3 Bb4 4. e5 Ne7 5. Bd2 c5 6. a3 Bxc3 7. Bxc3 cxd4 8. Bxd4
Nbc6 9. Nf3 Nxd4 10. Nxd4 a6 11. Bd3 Nc6 12. Nf3 Bd7 13. O-O O-O 14. Qe2 b5 15.
b4 Qb6 16. c3 h6 17. Rfd1 Rac8 18. Rac1 Rc7 19. Bb1 Rfc8 20. Qd3 g6 21. h4 Be8
22. h5 Ne7 23. Nd4 Nf5 24. Nxf5 gxf5 25. g4 Rc4 26. gxf5 Rf4 27. Qg3+ 1-0

[Event "Hastings Masters 2018-19"]
[Site "Hastings ENG"]
[Date "2018.12.28"]
[Round "1.37"]
[White "Kolani, Arjun"]
[Black "Faulks, Nick"]
[Result "0-1"]
[BlackTitle "CM"]
[WhiteElo "1533"]
[BlackElo "1917"]
[WhiteFideId "446700"]
[BlackFideId "8800103"]
[EventDate "2018.12.28"]

1. e4 c5 2. Nf3 e6 3. d4 cxd4 4. Nxd4 a6 5. Bd3 Bc5 6. Nb3 Be7 7. Be3 d6 8. O-O
Nf6 9. c4 Nbd7 10. Nc3 b6 11. Be2 Bb7 12. Qc2 Rc8 13. f4 Qc7 14. Rac1 Qb8 15.
Qb1 Qa8 16. Nd2 h5 17. h3 h4 18. Bf3 Nh5 19. Rfd1 Qb8 20. b3 g6 21. Bxh5 Rxh5
22. Qd3 Nc5 23. Qe2 Bf6 24. Bxc5 bxc5 25. Nf3 Kf8 26. Rd3 Re8 27. Rcd1 Kg7 28.
Nb1 d5 29. e5 Be7 30. Nc3 d4 31. Ne4 Rf5 32. Ned2 Rxf4 33. Nf1 Be4 34. R3d2 Bxf3
35. gxf3 Rf5 36. Re1 Bg5 37. Rd3 Bf4 38. Qf2 Rh8 39. Re4 g5 40. Nh2 Rxe5 41.
Rxe5 Qxe5 42. Ng4 Qf5 43. Qe2 Re8 44. Kg2 e5 45. Nf2 Be3 46. Ne4 Qf4 47. Qe1 Rc8
48. Nd6 Rc6 0-1

[Event "Hastings Masters 2018-19"]
[Site "Hastings ENG"]
[Date "2018.12.28"]
[Round "1.38"]
[White "Song, Jinwoo"]
[Black "Park, Sijoon"]
[Result "1-0"]
[WhiteTitle "FM"]
[WhiteElo "1907"]
[BlackElo "1243"]
[WhiteFideId "413003"]
[BlackFideId "13207296"]
[EventDate "2018.12.28"]

1. d4 Nf6 2. Nf3 g6 3. c4 d5 4. Nc3 Bg7 5. g3 O-O 6. Bg2 c5 7. dxc5 dxc4 8. Qxd8
Rxd8 9. Ne5 Nbd7 10. Nxc4 Nxc5 11. Be3 Ncd7 12. Bf3 Nf8 13. Na5 Rd7 14. Rd1 Rc7
15. Bf4 Rd7 16. Rxd7 N8xd7 17. Nxb7 Bxb7 18. Bxb7 Rd8 19. Bc7 Re8 20. O-O Nc5
21. Bg2 Nfd7 22. Rd1 Rc8 23. Ba5 Nf6 24. Bb4 Ne6 25. Bxe7 Ne8 26. Ba3 Bxc3 27.
bxc3 Rxc3 28. Rd3 Rc2 29. Bd5 Rxe2 30. Kf1 Re5 31. Bb2 Rf5 32. Bxe6 fxe6 33. Rd8
Rf8 34. Ba3 Kf7 35. Bxf8 Kxf8 36. Ra8 1-0

[Event "Hastings Masters 2018-19"]
[Site "Hastings ENG"]
[Date "2018.12.28"]
[Round "1.39"]
[White "Choi, Shinwoo"]
[Black "Sarkar, Justin"]
[Result "0-1"]
[BlackTitle "IM"]
[WhiteElo "1219"]
[BlackElo "2345"]
[WhiteFideId "13209892"]
[BlackFideId "2010011"]
[EventDate "2018.12.28"]

1. e4 e5 2. Nf3 f5 3. Nc3 Nf6 4. d3 Nc6 5. g3 Bb4 6. Bd2 O-O 7. Bg2 fxe4 8. dxe4
d6 9. O-O Bg4 10. Re1 Nd4 11. a3 Nxe4 12. Nxd4 Bxd1 13. Ne6 Qf6 14. Nxf8 Qxf2+
15. Kh1 Bf3 16. Bxf3 Qxf3+ 17. Kg1 Bc5+ 18. Re3 Nxd2 19. Re1 Bxe3+ 20. Rxe3 Qf1# 0-1

[Event "Hastings Masters 2018-19"]
[Site "Hastings ENG"]
[Date "2018.12.29"]
[Round "2.4"]
[White "Gormally, Daniel W"]
[Black "Taylor, Adam C"]
[Result "1-0"]
[WhiteTitle "GM"]
[BlackTitle "FM"]
[WhiteElo "2481"]
[BlackElo "2356"]
[WhiteFideId "406465"]
[BlackFideId "424668"]
[EventDate "2018.12.28"]

1. d4 Nf6 2. Nf3 d5 3. c4 e6 4. g3 Be7 5. Bg2 O-O 6. O-O dxc4 7. Nc3 c5 8. dxc5
Nc6 9. Qa4 e5 10. Rd1 Qa5 11. Qxa5 Nxa5 12. Nxe5 Bxc5 13. Bg5 Ng4 14. Nxg4 Bxg4
15. h3 Be6 16. Na4 Bb6 17. Bd2 Nc6 18. Bc3 Rfd8 19. Nxb6 axb6 20. a3 f6 21. f4
Na5 22. g4 Nb3 23. Rab1 Nc5 24. f5 Bf7 25. Bf3 Be8 26. Rd4 Rxd4 27. Bxd4 Bc6 28.
Bxc6 bxc6 29. Bxc5 bxc5 30. Rc1 Rb8 31. Rc2 Rb3 32. Kf2 h5 33. Rxc4 Rxb2 34.
Rxc5 Rb3 35. a4 hxg4 36. hxg4 Rb4 37. a5 Rxg4 38. a6 Ra4 39. Rxc6 Kh7 40. Kf3
Kh6 41. e4 Kg5 42. Ke3 Kg4 43. Re6 Kg5 44. Rb6 Kg4 45. Kd3 Kg5 46. Rc6 Ra3+ 47.
Kc2 Ra4 48. Re6 g6 49. Kb3 Ra1 50. fxg6 Kxg6 51. Kb4 Kg5 52. Kb5 f5 53. exf5
Kxf5 54. Re3 Rb1+ 55. Ka4 Rb6 56. Ka5 Rb1 57. Ra3 1-0

[Event "Hastings Masters 2018-19"]
[Site "Hastings ENG"]
[Date "2018.12.29"]
[Round "2.8"]
[White "Spiegel, Stefan"]
[Black "Leenhouts, Koen"]
[Result "1-0"]
[BlackTitle "IM"]
[WhiteElo "2124"]
[BlackElo "2460"]
[WhiteFideId "4610733"]
[BlackFideId "1008439"]
[EventDate "2018.12.28"]

1. e4 g6 2. d4 Bg7 3. Nc3 d6 4. g3 Nd7 5. Bg2 c5 6. Nge2 Ngf6 7. h3 O-O 8. O-O
Rb8 9. a4 b6 10. Be3 Bb7 11. g4 a6 12. Ng3 Ne8 13. Re1 Nc7 14. Nd5 b5 15. c3
bxa4 16. Nxc7 Qxc7 17. Qxa4 Rfc8 18. Bf1 Bc6 19. Qa3 Bb5 20. Red1 Qb7 21. Bxb5
axb5 22. Qa7 b4 23. Ne2 cxd4 24. Qxb7 Rxb7 25. cxd4 Rc2 26. Rd2 Rbc7 27. Rad1
R2c6 28. b3 f5 29. exf5 gxf5 30. Nf4 Nf6 31. gxf5 Ne4 32. Ra2 Nc3 33. Ra8+ Rc8
34. Rda1 Bh6 35. d5 Rc7 36. Ne6 Kf7 37. Bxh6 1-0

[Event "Hastings Masters 2018-19"]
[Site "Hastings ENG"]
[Date "2018.12.29"]
[Round "2.10"]
[White "Djuric, Stefan"]
[Black "Stoyanov, Viktor"]
[Result "1-0"]
[WhiteTitle "GM"]
[WhiteElo "2371"]
[BlackElo "2195"]
[WhiteFideId "900133"]
[BlackFideId "450308"]
[EventDate "2018.12.28"]

1. c4 e6 2. Nc3 d5 3. d4 c6 4. Nf3 Nf6 5. g3 Be7 6. Bg2 O-O 7. O-O Nbd7 8. Nd2
Re8 9. e4 dxe4 10. Ndxe4 Nxe4 11. Nxe4 Nf6 12. Nc3 Bd7 13. Bf4 Qb6 14. Na4 Qa5
15. Re1 Rac8 16. Re5 Qa6 17. a3 b6 18. c5 Nd5 19. Bf1 Qb7 20. Bd2 Bf6 21. Re4 e5
22. dxe5 Bxe5 23. Qf3 Bf6 24. Rae1 Qb8 25. h4 Rxe4 26. Rxe4 Re8 27. Bg5 Rxe4 28.
Qxe4 b5 29. Bd3 g6 30. Bxf6 Nxf6 31. Qd4 Nd5 32. Nc3 Be6 33. Ne4 Qf8 34. Qe5 Bf5
35. b4 Qe7 36. Qd4 a6 37. Kg2 Qd8 38. Kg1 Qe7 39. Kh2 Qd8 40. Qe5 f6 41. Qd4 Qe7
42. Kg2 Qd8 43. Kh2 Qe7 44. Nc3 Nxc3 45. Bxf5 gxf5 46. Qxc3 Kf7 47. Qd3 Qe6 48.
Qd8 Kg7 49. Qc7+ Kg6 50. Qb8 Kg7 51. Qb7+ Kg6 52. Qc7 h5 53. Qb8 Kh6 54. Qd6 Qe4
55. Qxf6+ Kh7 56. Qg5 Qf3 57. Qe7+ Kh8 58. Kg1 Qd1+ 59. Kg2 Qd5+ 60. Kh2 Qf3 61.
Qd8+ Kh7 62. Qd4 Kg8 63. Kg1 Kf7 64. Kf1 Kf8 65. Ke1 Qxa3 66. Qf6+ Kg8 67. Qg6+
Kf8 68. Qxf5+ Kg7 69. Qg5+ Kf8 70. Qf4+ Kg8 71. Kf1 Qd3+ 72. Kg1 Qd1+ 73. Kh2
Qe2 74. Kg2 Qe8 75. Qg5+ Kh7 76. Qf5+ Kg7 77. Qg5+ Kh8 78. Qe3 Qg6 79. Qe5+ Kh7
80. Qe7+ Kh8 81. Qe5+ Kh7 82. Kh2 Qf7 83. Qe4+ Kg7 84. Kg2 Qf6 85. Qf3 Qg6 86.
Qf4 Kh7 87. Qe5 Qg4 88. Qc7+ Kh8 89. Qxc6 Qxb4 90. Qe8+ Kg7 91. c6 Qc4 92. Qd7+
Kg6 93. c7 Qe4+ 94. Kh2 Qf3 95. Qe8+ Kg7 96. Qe5+ Kh7 97. Qc5 1-0

[Event "Hastings Masters 2018-19"]
[Site "Hastings ENG"]
[Date "2018.12.29"]
[Round "2.19"]
[White "Norinkeviciute, Rasa"]
[Black "Graham, David B"]
[Result "0-1"]
[WhiteTitle "WFM"]
[WhiteElo "2028"]
[BlackElo "2191"]
[WhiteFideId "12801925"]
[BlackFideId "408131"]
[EventDate "2018.12.28"]

1. c4 g6 2. g3 Bg7 3. Nc3 d6 4. Bg2 c5 5. Nf3 Nc6 6. d3 Nf6 7. a3 O-O 8. O-O h6
9. Rb1 a5 10. Ne1 Be6 11. Nd5 Bxd5 12. cxd5 Na7 13. b4 Nb5 14. Qd2 cxb4 15. axb4
a4 16. Bb2 a3 17. Ba1 Qb6 18. Nc2 Rfc8 19. Ne3 Qa7 20. Nc4 Rc7 21. Rb3 Rac8 22.
Bh3 Nxd5 23. Bxc8 Rxc8 24. e3 Qa4 25. Rbb1 a2 26. Rb2 Ra8 27. e4 Nd4 28. Kg2 b5
29. Na5 Nxb4 30. Qxb4 Qxb4 31. Rxb4 Nc2 32. Bxg7 Nxb4 33. Ba1 Rxa5 34. Rc1 f6
35. Rc3 Na6 36. d4 Kf7 37. f4 b4 38. Rb3 Ra3 39. Rf3 Rxf3 40. Kxf3 b3 41. Ke3
Nb4 42. Kd2 Nc2 0-1

[Event "Hastings Masters 2018-19"]
[Site "Hastings ENG"]
[Date "2018.12.29"]
[Round "2.27"]
[White "Faulks, Nick"]
[Black "Sugden, John N"]
[Result "0-1"]
[WhiteTitle "CM"]
[WhiteElo "1917"]
[BlackElo "2072"]
[WhiteFideId "8800103"]
[BlackFideId "402001"]
[EventDate "2018.12.28"]

1. e4 c5 2. Nf3 e6 3. d4 cxd4 4. Nxd4 a6 5. c4 Nf6 6. Nc3 Bb4 7. Bd3 Nc6 8. Nxc6
dxc6 9. e5 Nd7 10. Qe2 Qa5 11. O-O Qxe5 12. Ne4 Nc5 13. a3 Nxd3 14. Qxd3 Be7 15.
Bd2 O-O 16. Bc3 Qh5 17. Rad1 f6 18. Qg3 e5 19. f4 exf4 20. Qxf4 Bg4 21. Rd3 Be2
22. Rh3 Qg4 23. Rg3 Qxf4 24. Rxf4 Bxc4 25. Nxf6+ Bxf6 26. Bxf6 g6 27. Re3 Rf7
28. Rxc4 Rxf6 29. Re7 Rf7 30. Rce4 Raf8 31. h3 Rxe7 32. Rxe7 Rf7 33. Re8+ Kg7
34. Rb8 Kf6 35. Kf2 Re7 36. Kf3 Ke5 37. Ke3 Rd7 38. Rf8 Kd5 39. Kd3 c5 40. Rf2
b5 41. Rf8 Kc6+ 42. Kc3 c4 43. Rf3 Kc5 44. Re3 a5 45. Re5+ Rd5 46. Re7 b4+ 47.
axb4+ axb4+ 48. Kc2 b3+ 49. Kc1 h5 50. Rc7+ Kd4 51. Kd2 Rg5 52. Rd7+ Kc5 53.
Rc7+ Kb5 54. Rb7+ Kc6 55. Rg7 Rg3 56. Rg8 c3+ 57. bxc3 b2 58. Rb8 Rxg2+ 59. Kd3
Kc5 60. Rc8+ Kd6 61. Rb8 g5 62. Kd4 g4 63. hxg4 Rxg4+ 64. Ke3 Rg2 65. Kf3 Rc2
66. Kf4 Kd5 67. Rb4 h4 68. Kg4 h3 69. Kxh3 Rxc3+ 70. Kg2 Rc2+ 71. Kf3 Kc5 72.
Rb8 Kc4 73. Rc8+ Kd3 74. Rd8+ Kc3 75. Rc8+ Kd2 0-1

[Event "Hastings Masters 2018-19"]
[Site "Hastings ENG"]
[Date "2018.12.29"]
[Round "2.31"]
[White "Graham, Cassie M"]
[Black "Barton, R Alan"]
[Result "1/2-1/2"]
[WhiteElo "1889"]
[BlackElo "1991"]
[WhiteFideId "432644"]
[BlackFideId "404233"]
[EventDate "2018.12.28"]

1. e4 e6 2. Nf3 b6 3. d4 Bb7 4. Bd3 Ne7 5. Bf4 d6 6. c3 Nd7 7. Nbd2 Ng6 8. Bg3
Be7 9. O-O O-O 10. Qc2 e5 11. Rad1 Bf6 12. Nc4 Qe7 13. Ne3 Rfe8 14. Nf5 Qf8 15.
Rfe1 a6 16. a4 Nf4 17. Bxf4 exf4 18. Qc1 g6 19. Qxf4 Kh8 20. Ng3 Qg7 21. h4 Nf8
22. Qc1 Ne6 23. Bc4 Rad8 24. Bd5 c6 25. Bb3 c5 26. e5 dxe5 27. dxe5 Be7 28. Rxd8
Rxd8 29. Ne4 b5 30. Neg5 c4 31. Bc2 Nc5 32. Qf4 Kg8 33. axb5 axb5 34. Nd4 h6 35.
Ne4 Bxe4 36. Bxe4 Bf8 37. Re2 b4 38. Bf3 bxc3 39. bxc3 Nb3 40. Nc6 g5 41. Qxc4
Rd1+ 42. Kh2 Nd2 43. Qa4 Nf1+ 44. Kh3 Rd3 45. Qc4 Qg6 46. g3 Rxf3 47. Kg2 Nxg3
48. fxg3 Qd3 49. Qxd3 Rxd3 50. c4 Rc3 51. Re4 Bc5 52. hxg5 hxg5 53. Rg4 Kf8 54.
Nd4 Bxd4 55. Rxd4 Ke7 56. Kh3 Ke6 57. Kg4 Kxe5 58. Rd5+ Ke6 59. Rxg5 1/2-1/2

[Event "Hastings Masters 2018-19"]
[Site "Hastings ENG"]
[Date "2018.12.29"]
[Round "2.32"]
[White "Trevelyan, John"]
[Black "Rahulan, Thivyaa"]
[Result "1-0"]
[WhiteElo "1996"]
[BlackElo "1814"]
[WhiteFideId "1800922"]
[BlackFideId "431940"]
[EventDate "2018.12.28"]

1. e4 e6 2. Nf3 d5 3. e5 Be7 4. d4 c5 5. c3 Qb6 6. Be2 Nc6 7. dxc5 Bxc5 8. O-O
Qc7 9. b4 Bb6 10. Re1 Bd7 11. Bf4 Nge7 12. Bd3 Ng6 13. Bg3 Rc8 14. Na3 a6 15.
Rc1 Ba7 16. h4 Nge7 17. Qe2 b5 18. Bxb5 a5 19. Ba6 Rb8 20. Nb5 Rxb5 21. Bxb5
axb4 22. cxb4 Qb6 23. a3 Nxe5 24. Qxe5 Qxb5 25. Qc7 Bb6 26. Qb8+ Bd8 27. Qxb5
Bxb5 28. Bc7 O-O 29. Bxd8 Rxd8 30. Rc5 Rb8 31. Rec1 Kf8 32. Nd4 Bd7 33. Rc7 Ke8
34. Ra7 e5 35. Nf3 Nc8 36. Ra5 e4 37. Nd4 Nb6 38. Rc7 Kd8 39. Raa7 Be8 40. Nc6+
Bxc6 41. Rxc6 Ke8 42. Rcc7 Nc8 43. Rcb7 Rxb7 44. Rxb7 d4 45. a4 d3 46. Kf1 Nd6
47. a5 Kd8 48. a6 Kc8 49. Rb6 1-0

[Event "Hastings Masters 2018-19"]
[Site "Hastings ENG"]
[Date "2018.12.29"]
[Round "2.33"]
[White "Rice, Chris B"]
[Black "Ruane, Brendan J"]
[Result "1-0"]
[WhiteElo "1998"]
[BlackElo "1874"]
[WhiteFideId "404446"]
[BlackFideId "430218"]
[EventDate "2018.12.28"]

1. c4 Nc6 2. g3 d5 3. cxd5 Qxd5 4. Nf3 Nf6 5. Bg2 Qh5 6. h3 e5 7. d3 Bb4+ 8.
Nbd2 e4 9. dxe4 Nxe4 10. a3 Qc5 11. O-O Bxd2 12. Nxd2 Nxd2 13. Qxd2 O-O 14. b4
Qh5 15. g4 Qg6 16. Bb2 a6 17. e4 f6 18. f4 Qe8 19. Rac1 Be6 20. Qc3 Rd8 21. Rfd1
Qe7 22. e5 Bd7 23. exf6 Rxf6 24. Qc4+ Rf7 25. Bd5 Qe3+ 26. Kg2 Be8 27. Bxf7+
Bxf7 28. Rxd8+ Nxd8 29. Qd4 Qe2+ 30. Kg1 Ne6 31. Qc3 Kf8 32. Re1 Nd4 33. Qc5+ 1-0

[Event "Hastings Masters 2018-19"]
[Site "Hastings ENG"]
[Date "2018.12.29"]
[Round "2.35"]
[White "Salmons, Calum"]
[Black "Butt, Laurence"]
[Result "0-1"]
[WhiteElo "1905"]
[BlackElo "1635"]
[WhiteFideId "437280"]
[BlackFideId "440884"]
[EventDate "2018.12.28"]

1. e4 e6 2. Nf3 b6 3. Nc3 Bb7 4. d3 Be7 5. g3 Nf6 6. Bg2 d5 7. e5 Nfd7 8. O-O d4
9. Ne4 Nc6 10. Ned2 O-O 11. Nxd4 Nxd4 12. Bxb7 Rb8 13. Be4 Nxe5 14. c3 Nf5 15.
d4 Ng6 16. d5 Qd7 17. dxe6 fxe6 18. Qe2 Rbd8 19. Nf3 Bd6 20. g4 Nfe7 21. Ng5 Rf6
22. Nxh7 Kxh7 23. g5 Rf5 24. h4 Kg8 25. Bxf5 Nxf5 26. h5 Ngh4 27. h6 Qf7 28. Kh1
e5 29. Qg4 Qd5+ 30. f3 Qd3 31. h7+ Kh8 32. Bf4 exf4 33. Rf2 Bc5 0-1

[Event "Hastings Masters 2018-19"]
[Site "Hastings ENG"]
[Date "2018.12.29"]
[Round "2.36"]
[White "Stoyanov, Boris"]
[Black "Chapman, Matt"]
[Result "0-1"]
[WhiteElo "1583"]
[BlackElo "1902"]
[WhiteFideId "456462"]
[BlackFideId "435848"]
[EventDate "2018.12.28"]

1. d4 d5 2. c4 c6 3. Nf3 Nf6 4. Nc3 dxc4 5. e3 b5 6. a4 b4 7. Nb1 Ba6 8. Ne5 e6
9. Be2 Bd6 10. Nxc4 Bxc4 11. Bxc4 O-O 12. O-O Qc7 13. g3 Rd8 14. Be2 c5 15. Bf3
Nc6 16. dxc5 Bxg3 17. hxg3 Rxd1 18. Rxd1 Rc8 19. Nd2 Ne5 20. Bg2 Qxc5 21. b3 Qc2
22. Rf1 Nd3 23. Bf3 Nxc1 24. Raxc1 Qxc1 25. Rxc1 Rxc1+ 26. Kg2 Nd7 27. Ne4 Rb1
28. Nd2 Rb2 29. Nc4 Rxb3 30. Bc6 Nc5 31. Kf3 Rc3 32. Na5 b3 33. Nb7 Nxb7 34.
Bxb7 f5 0-1

[Event "Hastings Masters 2018-19"]
[Site "Hastings ENG"]
[Date "2018.12.29"]
[Round "2.37"]
[White "Carulla Pons, Carlos"]
[Black "Kolani, Arjun"]
[Result "1/2-1/2"]
[WhiteElo "1780"]
[BlackElo "1533"]
[WhiteFideId "24571768"]
[BlackFideId "446700"]
[EventDate "2018.12.28"]

1. d4 Nf6 2. c4 g6 3. Nc3 d5 4. Nf3 Bg7 5. Qb3 dxc4 6. Qxc4 O-O 7. e4 a6 8. Be2
b5 9. Qb3 c5 10. e5 Be6 11. Qd1 Nd5 12. O-O Nc6 13. Nxd5 Bxd5 14. dxc5 Nxe5 15.
Nxe5 Bxe5 16. Bf3 Bxf3 17. Qxf3 Qc7 18. Be3 Bxb2 19. Rab1 Be5 20. h3 Rac8 21.
Rbc1 Qc6 22. Qe2 Qe6 23. Rfe1 Bf6 24. Qc2 1/2-1/2